Where are we going?
Đã lưu trong:
| 主要作者: | |
|---|---|
| 格式: | 图书 |
| 语言: | Undetermined |
| 出版: |
New York
George H. Doran Company
1923
|
| 主题: | |
| 标签: |
添加标签
没有标签, 成为第一个标记此记录!
|
| Thư viện lưu trữ: | Trung tâm Học liệu Trường Đại học Cần Thơ |
|---|
| LEADER | 00552nam a2200205Ia 4500 | ||
|---|---|---|---|
| 001 | CTU_88280 | ||
| 008 | 210402s9999 xx 000 0 und d | ||
| 082 | |a 940.3 | ||
| 082 | |b L793 | ||
| 100 | |a Lloyd- George, David | ||
| 245 | 0 | |a Where are we going? | |
| 245 | 0 | |c David Lloyd- George | |
| 260 | |a New York | ||
| 260 | |b George H. Doran Company | ||
| 260 | |c 1923 | ||
| 650 | |a World War,World politics,Peace | ||
| 650 | |x Influence | ||
| 650 | |y 1914-1918 | ||
| 904 | |i Bằng,Hải | ||
| 980 | |a Trung tâm Học liệu Trường Đại học Cần Thơ | ||